<?xml version="1.0" encoding="UTF-8"?>
<collection xmlns="http://www.loc.gov/MARC21/slim">
 <record>
  <leader>02089pam a22002538a 4500</leader>
  <controlfield tag="001">00020396</controlfield>
  <controlfield tag="005">20171026081023.0</controlfield>
  <controlfield tag="008">110517s2005                  ||||||Viesd</controlfield>
  <datafield tag="041" ind1="0" ind2="#">
   <subfield code="a">Vie</subfield>
  </datafield>
  <datafield tag="082" ind1="1" ind2="4">
   <subfield code="a">543.071</subfield>
   <subfield code="b">H401H</subfield>
  </datafield>
  <datafield tag="100" ind1="0" ind2="#">
   <subfield code="a">Nguyễn Tinh Dung</subfield>
  </datafield>
  <datafield tag="245" ind1="0" ind2="0">
   <subfield code="a">Hóa học phân tích 1</subfield>
   <subfield code="b">Cân bằng ion trong dung dịch</subfield>
   <subfield code="c">Nguyễn Tinh Dung</subfield>
  </datafield>
  <datafield tag="260" ind1="#" ind2="#">
   <subfield code="a">H.</subfield>
   <subfield code="b">ĐH Sư phạm</subfield>
   <subfield code="c">2005</subfield>
  </datafield>
  <datafield tag="300" ind1="#" ind2="#">
   <subfield code="a">324 tr.</subfield>
   <subfield code="c">24 tr.</subfield>
  </datafield>
  <datafield tag="500" ind1="#" ind2="#">
   <subfield code="a">Bộ GD &amp; ĐT. Dự án đào tạo giáo viên THCS</subfield>
  </datafield>
  <datafield tag="650" ind1="#" ind2="4">
   <subfield code="a">Hóa học</subfield>
  </datafield>
  <datafield tag="650" ind1="#" ind2="4">
   <subfield code="a">Hóa phân tích</subfield>
  </datafield>
  <datafield tag="653" ind1="#" ind2="#">
   <subfield code="a">Cân bằng ion</subfield>
  </datafield>
  <datafield tag="852" ind1="#" ind2="#">
   <subfield code="b">Kho giáo trình</subfield>
   <subfield code="j">KGT.0007051, KGT.0007052, KGT.0007053, KGT.0007054, KGT.0007055, KGT.0007056, KGT.0007057, KGT.0007058, KGT.0007059, KGT.0007060, KGT.0007061, KGT.0007062, KGT.0007063, KGT.0007064, KGT.0007065, KGT.0007066, KGT.0007067, KGT.0007068, KGT.0007069, KGT.0007070, KGT.0007071, KGT.0007072, KGT.0007073, KGT.0007074, KGT.0007075, KGT.0007076, KGT.0007077, KGT.0007078, KGT.0007079, KGT.0007080, KGT.0007081, KGT.0007082, KGT.0007083, KGT.0007084, KGT.0007085, KGT.0007086, KGT.0007087, KGT.0007088, KGT.0007089, KGT.0007090, KGT.0007091, KGT.0007092, KGT.0007093, KGT.0007094, KGT.0007095, KGT.0032775, KGT.0033402</subfield>
  </datafield>
  <datafield tag="852" ind1="#" ind2="#">
   <subfield code="b">Kho mượn</subfield>
   <subfield code="j">KGT.0033402</subfield>
  </datafield>
  <datafield tag="852" ind1="#" ind2="#">
   <subfield code="b">Kho đọc</subfield>
   <subfield code="j">KD.0005899</subfield>
  </datafield>
  <datafield tag="852" ind1="#" ind2="#">
   <subfield code="j">KD.0005899</subfield>
   <subfield code="j">KGT.0007095</subfield>
   <subfield code="j">KGT.0007054</subfield>
   <subfield code="j">KGT.0007055</subfield>
   <subfield code="j">KGT.0007056</subfield>
   <subfield code="j">KGT.0007057</subfield>
   <subfield code="j">KGT.0007059</subfield>
   <subfield code="j">KGT.0007060</subfield>
   <subfield code="j">KGT.0007062</subfield>
   <subfield code="j">KGT.0007063</subfield>
   <subfield code="j">KGT.0007065</subfield>
   <subfield code="j">KGT.0007066</subfield>
   <subfield code="j">KGT.0007068</subfield>
   <subfield code="j">KGT.0007069</subfield>
   <subfield code="j">KGT.0007071</subfield>
   <subfield code="j">KGT.0007072</subfield>
   <subfield code="j">KGT.0007074</subfield>
   <subfield code="j">KGT.0007075</subfield>
   <subfield code="j">KGT.0007077</subfield>
   <subfield code="j">KGT.0007078</subfield>
   <subfield code="j">KGT.0007080</subfield>
   <subfield code="j">KGT.0007081</subfield>
   <subfield code="j">KGT.0007083</subfield>
   <subfield code="j">KGT.0007084</subfield>
   <subfield code="j">KGT.0007086</subfield>
   <subfield code="j">KGT.0007087</subfield>
   <subfield code="j">KGT.0007089</subfield>
   <subfield code="j">KGT.0007090</subfield>
   <subfield code="j">KGT.0007092</subfield>
   <subfield code="j">KGT.0007093</subfield>
   <subfield code="j">KGT.0007051</subfield>
   <subfield code="j">KGT.0049183</subfield>
   <subfield code="j">KGT.0007052</subfield>
   <subfield code="j">KGT.0007053</subfield>
   <subfield code="j">KGT.0007058</subfield>
   <subfield code="j">KGT.0007061</subfield>
   <subfield code="j">KGT.0007064</subfield>
   <subfield code="j">KGT.0007067</subfield>
   <subfield code="j">KGT.0007070</subfield>
   <subfield code="j">KGT.0007073</subfield>
   <subfield code="j">KGT.0007076</subfield>
   <subfield code="j">KGT.0007079</subfield>
   <subfield code="j">KGT.0007082</subfield>
   <subfield code="j">KGT.0007085</subfield>
   <subfield code="j">KGT.0007088</subfield>
   <subfield code="j">KGT.0007091</subfield>
   <subfield code="j">KGT.0007094</subfield>
   <subfield code="j">KGT.0032775</subfield>
   <subfield code="j">KGT.0033402</subfield>
  </datafield>
  <datafield tag="910" ind1="0" ind2="#">
   <subfield code="a">nhnam</subfield>
   <subfield code="d">17/05/2011</subfield>
  </datafield>
  <datafield tag="980" ind1="#" ind2="#">
   <subfield code="a">Trung tâm Học liệu Lê Vũ Hùng, Trường Đại học Đồng Tháp</subfield>
  </datafield>
 </record>
</collection>
